000 00719nam a2200205 a 4500
005 20140412111256.0
008 000823s19uu xx 00 eng d
020 _a0-698-11675-5
050 _aM 612
_bC64 1992
100 _aCole, Joanna
245 _aYour Insides /
_cby Joanna Cole ; illustrated by Paul Meisel.
260 _aNew York :
_bThe Putnam & Grosset Group,
_c1992.
300 _a1 v. (unp.) ; ill.
520 _aExamines the different parts of the body and how they worked, including the muscles, digestive organs, and lungs.
650 _aBody, Human-Juvenile literature
650 _aHuman physiology-Juvenile literature
650 _aBody, Human
650 _aHuman physiology
999 _c103236
_d103236